000 00304nam a2200121Ia 4500
008 240731s9999 xx 000 0 und d
022 _a2162-268X
245 0 _aTerritory, Politics, Governance
260 _bRoutledge
856 _uhttps://www.tandfonline.com/loi/rtep20
942 _2ddc
942 _cTFEJ
999 _c79832
_d79832
945 _a1
_bMadushi Gamage
_c1
_dMadushi Gamage